Lineas aereas de transporte de energía eléctrica e instalaciones auxiliares de telecomunicación
Պահպանված է:
| Հիմնական հեղինակ: | |
|---|---|
| Ձևաչափ: | Գիրք |
| Լեզու: | իսպաներեն |
| Հրապարակվել է: |
Madrid
Nuevas Gráficas
1948
|
| Խորագրեր: | |
| Ցուցիչներ: |
Ավելացրեք ցուցիչ
Չկան պիտակներ, Եղեք առաջինը, ով նշում է այս գրառումը!
|
MARC
| LEADER | 00000nam a2200000 a 4500 | ||
|---|---|---|---|
| 001 | UCZ1993 | ||
| 003 | CL-VaPUC | ||
| 008 | 950925e19480000SP |||||||||||||||||spa|d | ||
| 082 | 0 | 4 | |a 621.319 |b CHE |2 21 |
| 100 | 0 | |a Checa, Luis María |e author |9 345676 | |
| 245 | 1 | 0 | |a Lineas aereas de transporte de energía eléctrica e instalaciones auxiliares de telecomunicación |
| 300 | |a 1067 p | ||
| 942 | |c BK | ||
| 945 | |d 19950925 00:00:00 |a rbrito | ||
| 260 | |a Madrid |b Nuevas Gráficas |c 1948 | ||
| 650 | 0 | |a Energía eléctrica |9 256678 | |
| 650 | 0 | |a Electricidad |9 260222 | |
| 650 | 0 | |a Distribución de energía eléctrica |9 260221 | |
| 650 | 0 | |a Generación de energía eléctrica |9 345677 | |
| 650 | 0 | |a Conductores eléctricos |9 263132 | |
| 650 | 0 | |a Equipo eléctrico |9 345678 | |
| 650 | 7 | |a TENDIDO ELECTRICO |2 CL-VaPUC |9 345679 | |
| 650 | 7 | |a INSTALACIONES ELECTRICAS |2 CL-VaPUC |9 262736 | |
| 583 | |a last modification |c 19950925 00:00:00 |k Rodrigo Vera | ||
| 999 | |c 238659 |d 238657 | ||
| 952 | |0 0 |1 0 |4 0 |6 621_319000000000000_CHE_1948 |7 0 |8 A |9 249012 |a BIBING |b BIBING |d 2019-11-18 |i 3134296 |o 621.319 CHE 1948 |p 3134296 |r 2025-01-20 |w 2019-11-18 |y BK |k ING | ||